00573cam a22001692 4500001001100000005001700011008004100028020002800069040001500097050001600112100003200128245010100160260005900261300002100320650002700341700003500368000000322620151217155205.0070502s xx 000 0 eng d a189950592X :cKES 2,000 aKABUcKABU 0aHQ769b.B761 aBrown, Jeffrey.@000015287512aA Guide to parenting :bon the winning team with your children /cby Jeffrey & Pattiejean Brown. aGrantham, Lincs (England) :bStanborough Press,c2003. a173 p. ;c26 cm. 0aParenting.@00001529611 aBrown, Pattiejean.@0000152877